000 00314nam a2200121Ia 4500
008 180117s9999 xx 000 0 und d
100 _aby Beth Day Romulo
245 _aAnother Day
260 _c2015
300 _a17-18 pages, 2015 December 20
440 _aPhilippine Panorama
650 _aA NEW SOURCE OF LIGHT
999 _c353508
_d353508